000 01525cam a22002891i 4500
003 SA-RiAUC
005 20250802051413.0
008 250730s1982 ir g b 000 0 ara c
040 _aSA-RiAUC
_bara
_cSA-RiAUC
_erda
082 0 4 _a251.6
_qSA-RiAUC
090 _a251.6
_bم ق د
100 1 _aالمقداد الحلي، مقداد بن عبد الله بن محمد،
_dتوفي 826 هجري
_eمؤلف.
245 1 0 _aنضد القواعد الفقهية على مذهب الإمامية /
_cتأليف الفقيه مقداد بن عبد الله السيوري الحلي ؛ تحقيق السيد عبد اللطيف الكوهكمري.
250 _aالطبعة الأولى.
264 1 _aقم، إيران :
_bمكتبة آية الله العظمى المرعشي النجفي،
_c1982.
300 _a561 صفحة ؛
_c24 سم.
336 _aنص
_btxt
_2rdacontent
_3كتاب
337 _aبدون وسيط
_bn
_2rdamedia
338 _aمجلد
_bnc
_2rdacarrier
490 0 _aمخطوطات مكتبة آية الله المرعشي العامة ؛
_v7
504 _aببليوجرافية : صفحة 558-562.
650 7 _aفقه الإمامية
_2aucsh
700 1 _aالكوهكمري، عبد اللطيف
_eمحقق.
700 1 2 _iتحقيق لـ (عمل) :
_aالمقداد الحلي، مقداد بن عبد الله بن محمد،
_dتوفي 826 هجري.
_tنضد القواعد الفقهية على مذهب الإمامية.
942 _2ddc
_cBOOK
_n0
949 _aSA-JeALM
_d250730
_uosman123
_n1
999 _c10455
_d10455